| 000 | 00917nam a2200253 a 4500 | ||
|---|---|---|---|
| 001 | 000042026 | ||
| 005 | 20201002035907.0 | ||
| 008 | 131107s1984 sp ac 000 0bspa d | ||
| 020 | _a843458154X | ||
| 040 |
_aDO-SdBNP _bspa _cBNPHU |
||
| 082 |
_a928.1 _bH488B |
||
| 100 | 1 |
_aBurgess, Anthony, _d1917-1993 _942713 |
|
| 240 | 1 | 0 |
_aHemingway and his world _lspa |
| 245 | 1 | 0 |
_aHemingway / _cAnthony Burgess ; prólogo, Josep M.a Castellet ; traducción del inglés, Mª. Isabel Merino. |
| 260 |
_aBarcelona : _bSalvat, _c1984. |
||
| 300 |
_a199 p. : _bil., retrs. ; _c20 cm. |
||
| 490 | 1 |
_aBiblioteca Salvat de grandes biografiás; _v9 |
|
| 500 | _aTraducido del inglés | ||
| 504 | _aBibliografía : p. 199 | ||
| 700 | 1 | 2 |
_aMerino, Mª. Isabel _etr _968986 |
| 700 | 1 | 2 |
_aCastellet, Josep Mª. _eprol. _968987 |
| 830 | 0 |
_aBiblioteca Salvat de grandes biografía _n9 _968988 |
|
| 910 | _aValidado. Control de calidad MFF | ||
| 999 |
_c41515 _d41515 |
||